Les personnages #3 Les Indestructibles - Statistiques

Statistiques générales
  • Ce quiz a été pris 168 fois
  • Le résultat moyen est 5 sur 7
Statistiques - réponses
SuperPouvoir Réponse % Correct
Rapidité Flèche
91%
Invisibilité et champ de force Violette
91%
Changement en métal, en flammes en diable, téléportation, yeux lasers, force, etc... Jack-Jack
79%
Peau Elastique Elastigirl
71%
Force incroyable Mr.Indestructible
71%
Peut changer l'eau en glace Frozone
67%
Aucun Superpouvoir particulier, mais très bonne connaissance en physique Syndrome
39%
Aucun quiz correspondant
Distribution des résultats
% des personnes avec chaque résultat
Percentile par nombre de réponses
Votre historique - résultats
Vous n’avez pas pris ce quiz